| 000 | 00921nac a22002897a 4500 | ||
|---|---|---|---|
| 001 | BR9404039 | ||
| 003 | BR-BrBNA | ||
| 005 | 20240105121524.0 | ||
| 008 | 230509b bl.|||m| |||| 00| 0 por d | ||
| 040 |
_aBR-BrBNA _bpor _cBiblioteca Nacional de Agricultura |
||
| 072 | _aM40; M01 | ||
| 090 | _aM40 BR9404039 | ||
| 100 | 1 | _aMesquita, A.R. de | |
| 110 | 1 |
_aUniversidade de Sao Paulo, Sao Paulo (Brasil). Inst. Oceanografico _910550 |
|
| 245 | 1 | _aOn the brazilian gate (GARP Atlantic Tropical Experiment). Programme | |
| 260 | 3 |
_aSao Paulo, SP (Brasil): _c1988. |
|
| 300 | _a125 | ||
| 490 |
_aPublicacao Especial do Instituto Oceanografico (Brazil) _vno. 6 _xISSN 0100-5146 |
||
| 500 | _a22 ref. | ||
| 650 | _aOceanografia | ||
| 650 | _aSalinidade | ||
| 650 | _aTemperatura | ||
| 650 | _aAnalise Quimica | ||
| 650 | _aNutriente | ||
| 909 |
_a202312 _bLúcia Elande _c55 _dLúcia Elande |
||
| 942 |
_2AGRIS _n0 _cMS |
||
| 999 |
_c285786 _d285786 |
||